Ч. 2: Силовые подстанции предприятий; Монтаж, наладка, эксплуатация электрооборудования

Bibliografiske detaljer
Parent link:Монтаж, наладка, эксплуатация электрооборудования: учебное пособие/ А. В. Кабышев, Е. В. Тарасов; Национальный исследовательский Томский политехнический университет (ТПУ), Энергетический институт (ЭНИН), Кафедра электроснабжения промышленных предприятий (ЭПП). Ч. 2: Силовые подстанции предприятий.— , 2014-
Summary:Заглавие с титульного экрана
Электронная версия печатной публикации
В пособии описаны принцип действия элементов силового оборудования подстанций предприятий, их монтажа, ремонта, технического обслуживания и эксплуатации. Предназначено для студентов, обучающихся по направлению 140200 «Электроэнергетика» и специальности 140211 «Электроснабжение».
Режим доступа: из корпоративной сети ТПУ
Sprog:russisk
Udgivet: 2014
Udgivelse:2-е изд.
Fag:
Online adgang:http://www.lib.tpu.ru/fulltext2/m/2014/m340.pdf
Format: Electronisk Bog
KOHA link:https://koha.lib.tpu.ru/cgi-bin/koha/opac-detail.pl?biblionumber=273895

MARC

LEADER 00000nlm2a2200000 4500
001 273895
005 20231101234656.0
035 |a (RuTPU)RU\TPU\book\297105 
090 |a 273895 
100 |a 20141029d2014 m y0rusy50 ca 
101 0 |a rus 
102 |a RU 
105 |a a j 000zy 
135 |a drnn ---uucaa 
200 0 |a Ч. 2: Силовые подстанции предприятий 
205 |a 2-е изд. 
210 |d 2014 
230 |a 1 компьютерный файл (pdf; 4.2 MB) 
300 |a Заглавие с титульного экрана 
300 |a Электронная версия печатной публикации 
330 |a В пособии описаны принцип действия элементов силового оборудования подстанций предприятий, их монтажа, ремонта, технического обслуживания и эксплуатации. Предназначено для студентов, обучающихся по направлению 140200 «Электроэнергетика» и специальности 140211 «Электроснабжение». 
333 |a Режим доступа: из корпоративной сети ТПУ 
337 |a Adobe Reader 
452 1 |0 (RuTPU)RU\TPU\book\285520  |t Ч. 2 : Силовые подстанции предприятий  |d 2014  |p 159 с. 
461 1 |0 (RuTPU)RU\TPU\book\297104  |t Монтаж, наладка, эксплуатация электрооборудования  |o учебное пособие  |f А. В. Кабышев, Е. В. Тарасов  |g Национальный исследовательский Томский политехнический университет (ТПУ), Энергетический институт (ЭНИН), Кафедра электроснабжения промышленных предприятий (ЭПП)  |v Ч. 2: Силовые подстанции предприятий  |d 2014- 
606 1 |a Электрооборудование  |x Эксплуатация  |2 stltpush  |3 (RuTPU)RU\TPU\subj\20608  |9 45702 
610 1 |a силовые коммутационные аппараты 
610 1 |a выключатели 
610 1 |a воздушные выключатели 
610 1 |a элегазовые выключатели 
610 1 |a вакуумные выключатели 
610 1 |a вспомогательные коммутационные аппараты 
610 1 |a измерительные трансформаторы 
610 1 |a ограничивающие аппараты 
610 1 |a подстанции 
610 1 |a оборудование 
610 1 |a монтаж 
610 1 |a распределительные устройства 
610 1 |a учебные пособия 
610 1 |a труды учёных ТПУ 
610 1 |a электронный ресурс 
675 |a 621.31.004(075.8)  |v 3 
801 2 |a RU  |b 63413507  |c 20141029  |g RCR 
856 4 |u http://www.lib.tpu.ru/fulltext2/m/2014/m340.pdf 
900 |a Монтаж, наладка и эксплуатация электрооборудования 
942 |c CF